01288nam a22002777a 450000500170000000800410001702000180005804000070007604100080008308200180009110000320010924500840014126000430022530000240026836500120029252003690030465000200067365000280069365000320072165000320075365000290078570000340081494200120084899900190086095201310087920221221115248.0221221b ||||| |||| 00| 0 eng d a9780906879740 cAL aeng 223a824bLEEL aArnold Spencer Leese967217 aLeese collection: bA selection from the writings of Arnold Spencer Leese MRCVS aEnglandbHistorical Review Pressc2007 a218p.bPB c21x14cm 2English aThis is a collection of twenty of Leese‘s most respected texts collected in one volume. The book provides an interesting insight into the policies conducted by one of Britain’s most controversial politicians ever, and while the book gives a good insight into the contemporary criticism against the ruling elite of Britain before, during and after World War II. aWritings967218 aGambetta the Jew967219 aBolshevism is Jewish967220 aDestruction of India967221 aChinese Communism967222 aLEESE (Arnold Spencer)967223 2ddccDB c225996d225996 00102ddc40708ENGaALbALd2014-11-29l0o824 LEELpD05356r2022-12-21 00:00:00w2022-12-21yDBzDonated by V. T. Rajshekar